| 000 | 004150000a22001690004500 | ||
|---|---|---|---|
| 003 | LK-CoMWRAF | ||
| 008 | 230817t ||||| |||| 00| 0 eng d | ||
| 040 |
_aLK-CoMWRAF _dLK-CoMWRAF _eLK-CoMWRAF |
||
| 041 | _aeng | ||
| 082 |
_a025 _bAGA |
||
| 100 | _aAgalangan | ||
| 245 |
_aKavignar Jinnahvin Irattai Kappiyangal _b |
||
| 260 |
_aSri Lanka _bAnnai Veliyeetakam |
||
| 300 | _ap.104 | ||
| 650 | _aTamil | ||
| 942 | _cBK | ||
| 999 |
_c505 _d505 |
||